Champions League Losers (2025-1985) - Statistics

General Stats
  • This quiz has been taken 75 times
    56 since last reset
  • The average score is 35 of 41
Answer Stats
Year Winner Score Loser % Correct
2012 Chelsea 1-1 (4-3) Bayern Munich
100%
2010 Inter Milan 2-0 Bayern Munich
100%
1999 Manchester United 2-1 Bayern Munich
100%
1987 Porto 2-1 Bayern Munich
100%
2025 Paris-Saint-Germain 5-0 Inter Milan
100%
2023 Manchester City 1-0 Inter Milan
100%
2022 Real Madrid 1-0 Liverpool
100%
2018 Real Madrid 3-1 Liverpool
100%
2007 AC Milan 2-1 Liverpool
100%
1985 Juventus 1-0 Liverpool
100%
2021 Chelsea 1-0 Manchester City
100%
2011 Barcelona 3-1 Manchester United
100%
2009 Barcelona 2-0 Manchester United
100%
2005 Liverpool 3-3 (3-2) AC Milan
98%
1995 Ajax 1-0 AC Milan
98%
1993 Marseille 1-0 AC Milan
98%
2024 Real Madrid 2-0 Borussia Dortmund
98%
2013 Bayern Munich 2-1 Borussia Dortmund
98%
2017 Real Madrid 4-1 Juventus
98%
2015 Barcelona 3-1 Juventus
98%
2003 AC Milan 0-0 (3-2) Juventus
98%
1998 Real Madrid 1-0 Juventus
98%
1997 Borussia Dortmund 3-1 Juventus
98%
2020 Bayern Munich 1-0 Paris-Saint-Germain
98%
2016 Real Madrid 1-1 (5-3) Atletico Madrid
96%
2014 Real Madrid 4-1 Atletico Madrid
96%
2008 Manchester United 1-1 (6-5) Chelsea
96%
2019 Liverpool 2-0 Tottenham Hotspur
94%
1996 Juventus 1-1 (4-2) Ajax
89%
2006 Barcelona 2-1 Arsenal
83%
1994 AC Milan 4-0 Barcelona
79%
1986 Steaua Bucuresti 0-0 (2-0) Barcelona
79%
2004 Porto 0-3 AS Monaco
72%
1991 Crvena Zvezda 0-0 (5-3) Marseille
72%
2001 Bayern Munich 1-1 (5-4) Valencia
62%
2000 Real Madrid 3-0 Valencia
62%
1990 AC Milan 1-0 Benfica
55%
1988 PSV 0-0 (6-5) Benfica
55%
1992 Barcelona 1-0 Sampdoria
38%
1989 AC Milan 4-0 Steaua Bucuresti
15%
2002 Real Madrid 1-2 Levekusen
9%
No matching quizzes found
Score Distribution
Percent of People with Each Score
Percentile by Number Answered
Your Score History
You have not taken this quiz since the last reset